000 00460nmm a2200157Ia 4500
008 251105s9999||||xx |||||||||||||||||und||
020 _a9789560106926
041 _aspa
100 _aGloffka, Enrique
245 0 _aÚltima misión al morro de Arica
264 _a[Santiago de Chile, Chile] :
_bRil editores,
_c2019
300 _a222 páginas
650 _aLatin American narrative
856 _uhttps://public.digitaliapublishing.com/a/65476
942 _cCF
999 _c94020
_d94020